Teoria e prática de contabilidade e gestão (Record no. 42591)
[ view plain ]
| 000 -Etiqueta do registo | |
|---|---|
| Valores | 00710cam a22002411 4500 |
| 100 ## - Dados gerais de processamento | |
| Dados gerais | 19940312g1984 km y0pory5003 ba |
| 101 1# - Língua de publicação | |
| Língua | por |
| 102 ## - País de publicação | |
| País | PT |
| 200 1# - Titulo e menção de responsabilidade | |
| Título próprio | Teoria e prática de contabilidade e gestão |
| Primeira menção de responsabilidade | M. W. E. Glautier, B. Underdown |
| Outras menções de responsabilidade | trad. de Natercia Barros |
| 210 ## - Publicação | |
| Local de publicação | Porto |
| Nome do editor | Rés-Editora |
| Data de publicação | 1984 |
| 215 ## - Descrição física | |
| Paginação / Volumes | 2 vol. |
| Dimensões | 22 cm |
| 225 2# - Colecção | |
| Título próprio da colecção | Espiral. |
| Nome de parte ou secção | Area de Gestão |
| 327 1# - Nota de conteúdo | |
| Texto da nota | 1<U+00BA> vol, 486 p. |
| -- | 2<U+00BA> vol. 487-893 [2] p. |
| 675 ## - CDU | |
| Notação | 657.1 |
| Edição | BN |
| Língua | por |
| 675 ## - CDU | |
| Notação | 657.4 |
| Edição | BN |
| Língua | por |
| 675 ## - CDU | |
| Notação | 658.15 |
| Edição | BN |
| Língua | por |
| 700 #1 - Autor principal | |
| Apelido | Glautier |
| Nome | M. W. E. |
| 701 #1 - Autor co-responsavel | |
| Apelido | Underdown |
| Nome | B. |
| Função | 070 |
| 801 #0 - Fonte de origem | |
| País | PT |
| Agência | CMVRB |
| Regras de catalogação | RPC |
| 801 #0 - Fonte de origem | |
| País | PT |
| Agência | CMVRB |
| Regras de catalogação | RPC |
| 990 ## - Elementos KOHA | |
| Tipo de documento | Livro |
| Aquisição | Empréstimo | Código de barras | Cota | Permissão de empréstimo | Tipo de documento |
|---|---|---|---|---|---|
| Biblioteca Escolar Doutor Hernâni Cidade | Biblioteca Escolar Doutor Hernâni Cidade | 55775 | 658 AA.VV. GEST. | Livro |